000 00658nam a2200205Ia 4500
001 10186
003 GE_BSU
008 181216s||||||||xx |||||||||||||| ||und||
040 _cGE_BSU
100 _aრომანაძე,შაქრო
245 _aმოხუცის წყარო
245 _bმოთხრობა
245 _cმხატვ:თ.დიასამიძე;რედ:ლ.ბეჟანიძე.
260 _aბათუმი
260 _bსაბჭ.აჭარა
260 _c1977
300 _a70გვ;16სმ.
653 _aმოხუცის წყარო:მოთხრობა
942 _cBK
999 _c43455
_d43455